All about China - Statistics

General Stats
  • This quiz has been taken 10 times
  • The average score is 10 of 20
Answer Stats
Hint Answer % Correct
How many 'great' cuisines does China have? Eight / 八
78%
This city translates to mean 'on the sea'. Shanghai / 上海
78%
Name any province which comprises Manchuria. Heilongjiang / 黑龙江Liaoning / 辽宁 Jilin / 吉林
67%
In the Disney film, Mulan's (木兰) surname is Fa. What's her real surname. Hua / 花
67%
Ren Zhengfei is famous for founding this multinational Chinese company. Huawei / 华为
67%
Mandarin has four tones, how many does Cantonese have? Six / 六
67%
Dandong (丹东) is the last city on the railway from China before crossing the border into this country. DPR Korea / 朝鲜
56%
The tranquil West Lake and Alibaba's headquarters are located in this eastern city. Hangzhou / 杭州
56%
Festival for which north-eastern city, Harbin is famous. Harbin International Ice and Snow Sculpture Festival / 哈尔滨国际冰雪节
56%
The Terracotta Warriors were built to protect the tomb of this former emperor of China. Qin Shi / 秦始
56%
What global organisation did China PR join in 1971, excluding Taiwan/The Republic of China permanently? United Nations / 联合国
56%
Mao Zedong's home province. Hunan / 湖南
44%
One of Shenyang's claims to fame is hosting the largest statue of its kind. What does the statue depict? Mao Zedong / 毛泽东
44%
Eponymous mountain in Shandong province after which Rush named a song. Tai Shan / 泰山
44%
2015 action film which lends its name to a name used by many non-Chinese to describe China's diplomatic and foreign policy behaviour. Wolf Warrior Diplomacy / 战狼外交
44%
This man is known as the father of Chinese rock n' roll. Cui Jian / 崔健
33%
This two stringed traditional instrument is played with a bow while it's placed in front of the player. Erhu / 二胡
33%
One of Japan's most famous dishes, ramen, actually comes from this Chinese dish. Lamian / 拉面
33%
Mala (麻辣) is a type of flavour in Sichuan cuisine, meaning tingling and spicy. What ingredient makes this occur? Sichuan Pepper (aka Chinese prickly ash) / 花椒
33%
The Forbidden City sits at the north of Tiananmen Square, and the National Museum sits on the east of Tiananmen Square, what important building sits to the west of Tiananmen Square. The Great Hall of the People / 人民大会堂
33%
No matching quizzes found
Score Distribution
Percent of People with Each Score
Percentile by Number Answered
Your Score History
You have not taken this quiz